000
00200nam a2200097 4500
020
_a
978813150487
082
_a
658.15 MEG
100
_a
Megginson, Willia L.
245
_a
Principle of cor
942
_c
BK
999
_c
12273
_d
12273